| Tag |
First Indicator |
Second Indicator |
Subfields |
| LEADER |
00000cam a2200000Ii 4500 |
| 001 |
in00004155263 |
| 008 |
190715s2020 nyu b 001 0 eng d |
| 005 |
20250318220016.6 |
| 020 |
|
|
|a 9780316530996
|
| 020 |
|
|
|a 0316530999
|q hardcover
|
| 035 |
|
|
|a (OCoLC)on1108547018
|
| 035 |
|
|
|a (OCoLC)1108547018
|
| 040 |
|
|
|a YDX
|b eng
|e rda
|c YDX
|d YDXIT
|
| 050 |
|
4 |
|a TT560
|b .K37 2020
|
| 082 |
0 |
4 |
|a 646/.34
|2 23
|
| 100 |
1 |
|
|a Karen, Dawnn,
|e author.
|
| 245 |
1 |
0 |
|a Dress your best life :
|b how to use fashion psychology to take your look -- and your life -- to the next level /
|c Dawnn Karen.
|
| 250 |
|
|
|a First edition.
|
| 264 |
|
1 |
|a New York :
|b Little, Brown Spark,
|c 2020.
|
| 300 |
|
|
|a 280 pages ;
|c 25 cm
|
| 336 |
|
|
|a text
|b txt
|2 rdacontent
|
| 337 |
|
|
|a unmediated
|b n
|2 rdamedia
|
| 338 |
|
|
|a volume
|b nc
|2 rdacarrier
|
| 504 |
|
|
|a Includes bibliographical references and index.
|
| 520 |
|
|
|a "You may get dressed every day without really thinking about what you're putting on, but did you know that what you wear has a powerful effect on how you feel? Or that your clothes influence the way others perceive you? By making a few adjustments to your wardrobe, and learning to style from the inside out, [you may] not only elevate your look, but level up your entire life"--Dust jacket flap.
|
| 650 |
|
0 |
|a Women's clothing
|x Psychological aspects.
|
| 650 |
|
0 |
|a Clothing and dress
|x Psychological aspects.
|
| 650 |
|
0 |
|a Fashion
|x Psychological aspects.
|
| 852 |
8 |
|
|b pda,print
|z This title is available for the library to purchase for your use. Click the "Purchase It For Me" button to place a request. This item may take 5-10 business days to arrive.
|
| 955 |
|
|
|a Print PDA title
|
| 961 |
|
|
|m 565730
|
| 999 |
f |
f |
|s 0183461a-4e22-467b-9527-ebf99a3a4ea5
|i a9aae960-08cb-3bea-b74d-50c63ce88c07
|t 0
|
| 952 |
f |
f |
|a Texas A&M University
|b College Station
|c Sterling C. Evans Library
|d Purchase on Demand
|t 0
|e TT560 .K37 2020
|h Library of Congress classification
|
| 998 |
f |
f |
|a TT560 .K37 2020
|t 0
|l Purchase on Demand
|